Подробности
| 000 -МАРКЕР |
| контрольное поле |
02079nam0a22003851 4500 |
| 001 - ИДЕНТИФИКАТОР ЗАПИСИ |
| контрольное поле |
rc\3911803 |
| 005 - ИДЕНТИФИКАТОР ВЕРСИИ |
| контрольное поле |
20250611020637.0 |
| 021 ## - НОМЕР ГОСУДАРСТВЕННОЙ РЕГИСТРАЦИИ |
| Код страны |
Российская Федерация |
| Номер |
[47-18437] |
| 035 ## - ДРУГИЕ СИСТЕМНЫЕ НОМЕРА |
| Идентификатор записи |
(NLR Aleph) 008019778 |
| 100 ## - ДАННЫЕ ОБЩЕЙ ОБРАБОТКИ |
| Данные общей обработки |
20130415d1947 |||y0rusy50 ca |
| 101 1# - ЯЗЫК РЕСУРСА |
| Язык текста, звукозаписи и т.д. |
русский |
| Язык оригинала |
даргинский |
| 102 ## - СТРАНА ПУБЛИКАЦИИ ИЛИ ПРОИЗВОДСТВА |
| Страна публикации |
Российская Федерация |
| 105 ## - ПОЛЕ КОДИРОВАННЫХ ДАННЫХ: ТЕКСТОВЫЕ МАТЕРИАЛЫ, МОНОГРАФИЧЕСКИЕ |
| Кодированные данные о монографическом текстовом документе |
y z ||||| |
| 200 1# - ЗАГЛАВИЕ И СВЕДЕНИЯ ОБ ОТВЕТСТВЕННОСТИ |
| Основное заглавие |
[Песни] |
| Первые сведения об ответственности |
Пер. Эффенди Капиева |
| Последующие сведения об ответственности |
Вступ. статья ["Батырай. (Жизнь и творчество)", с. 5-16] и прим. Наталии Капиевой |
| 210 ## - ПУБЛИКАЦИЯ, РАСПРОСТРАНЕНИЕ И ДР. |
| Место издания, распространения и т.д. |
Махачкала |
| Имя издателя, распространителя и т. д. |
Даггиз |
| Дата издания, распространения и т.д. |
1947 |
| Имя изготовителя |
Тип. им. Кирова |
| 215 ## - ФИЗИЧЕСКАЯ ХАРАКТЕРИСТИКА |
| Специфическое обозначение материала и объем |
111 с., включ. 1 с. обл. |
| Размеры |
17 |
| 225 1# - СЕРИЯ |
| Основное заглавие серии |
Академия наук СССР. Дагестанская научно-исследовательская база. Материалы Института истории, языка и литературы народов Дагестана |
| Наименование части |
[Филология |
| Обозначение тома |
Вып. 1] |
| Наименование части |
Классики литературы народов Дагестана |
| -- |
[Даргинская литература] |
| 300 ## - ОБЩИЕ ПРИМЕЧАНИЯ |
| Текст примечания |
На тит. л. авт.: Батырай |
| 327 0# - ПРИМЕЧАНИЯ О СОДЕРЖАНИИ |
| Текст примечания |
Разделы: О герое; О любви; О себе |
| 464 #0 - АНАЛИТИЧЕСКИЙ УРОВЕНЬ |
| Встроенное поле |
2001#$aО герое$aО любви$aО себе |
| Заглавие |
О себе |
| 606 ## - НАИМЕНОВАНИЕ ТЕМЫ КАК ПРЕДМЕТ |
| Наименование темы |
Даргинская литература |
| Код системы |
psbo |
| 606 ## - НАИМЕНОВАНИЕ ТЕМЫ КАК ПРЕДМЕТ |
| Наименование темы |
Любовь (х. л.) |
| Код системы |
psbo |
| 606 ## - НАИМЕНОВАНИЕ ТЕМЫ КАК ПРЕДМЕТ |
| Наименование темы |
Героизм даргинского народа (х. л.) |
| Код системы |
psbo |
| 606 ## - НАИМЕНОВАНИЕ ТЕМЫ КАК ПРЕДМЕТ |
| Наименование темы |
Поэты даргинские |
| Код системы |
psbo |
| 608 ## - ФОРМА, ЖАНР, ФИЗИЧЕСКИЕ ХАРАКТЕРИСТИКИ ДОКУМЕНТА КАК ТОЧКА ДОСТУПА |
| Начальный элемент ввода |
Даргинский эпос (х. л.) |
| Код системы |
psbo |
| 700 #1 - ИМЯ ЛИЦА - ПЕРВИЧНАЯ ОТВЕТСТВЕННОСТЬ |
| Начальный элемент ввода |
Батырай |
| Часть имени, кроме начального элемента ввода |
О. оглы |
| Даты |
ок. 1831 - ок. 1910 |
| Расширение инициалов личного имени |
Омар оглы |
| 702 #1 - ИМЯ ЛИЦА - ВТОРИЧНАЯ ОТВЕТСТВЕННОСТЬ |
| Код отношения |
Автор введения, предисловия, примечания и т.п. |
| -- |
Комментатор печатного текста |
| Начальный элемент ввода |
Капиева |
| Часть имени, кроме начального элемента ввода |
Н. В. |
| Даты |
1909-2003 |
| Расширение инициалов личного имени |
Наталья Владимировна |
| Системный номер авторитетной/нормативной записи |
142356 |
| Идентификатор авторитетной/нормативной записи |
RU\NLR\AUTH\770142392 |
| 702 #1 - ИМЯ ЛИЦА - ВТОРИЧНАЯ ОТВЕТСТВЕННОСТЬ |
| Код отношения |
Переводчик |
| Начальный элемент ввода |
Капиев |
| Часть имени, кроме начального элемента ввода |
Э. М. |
| Даты |
1909-1944 |
| Расширение инициалов личного имени |
Эффенди Мансурович |
| Системный номер авторитетной/нормативной записи |
142383 |
| Идентификатор авторитетной/нормативной записи |
RU\NLR\AUTH\770142419 |
| 801 #0 - ИСТОЧНИК ЗАПИСИ |
| Страна |
Российская Федерация |
| Организация |
NLR |
| Правила каталогизации |
psbo |
| 801 #1 - ИСТОЧНИК ЗАПИСИ |
| Страна |
Российская Федерация |
| Организация |
ELAR |
| Источник данных |
rusmarc |
| 852 ## - МЕСТОНАХОЖДЕНИЕ И ШИФР ХРАНЕНИЯ |
| Идентификатор организации |
NLR |
| Шифр хранения (Call Number) |
П1/48 |
| 942 ## - ДОПОЛНИТЕЛЬНЫЕ ЭЛЕМЕНТЫ ЗАПИСИ (АБИС) |
| Тип экземпляра АБИС |
Книга |
| 980 ## - КОЛЛЕКЦИЯ |
| Название коллекции |
Национальная библиография |